Využitie Industry 4.0 na Slovensku
Hlavným cieľom príspevku je na základe poznatkovej bázy, ktorá pozostávala zo štúdia domácej a zahraničnej literatúry zadefinovať Industry 4.0 a priblížiť jeho využívanie na Slovensku. Skutočný stav Industry 4.0 na Slovensku je priblížený prostredníctvom prieskumu platformy Industry4UM.
Salvato in:
| Autore principale: | |
|---|---|
| Altri autori: | |
| Natura: | Capitolo di libro |
| Lingua: | slovacco |
| Soggetti: | |
| Tags: |
Nessun Tag, puoi essere il primo ad aggiungerne!!
|
MARC
| LEADER | 00000naa a2200000 4500 | ||
|---|---|---|---|
| 001 | 0263380 | ||
| 005 | 20240502074201.1 | ||
| 041 | 0 | |a slo | |
| 044 | |a SK | ||
| 245 | 1 | 0 | |a Využitie Industry 4.0 na Slovensku |c Patrik Richnák, Júlia Sármány |
| 520 | |a Hlavným cieľom príspevku je na základe poznatkovej bázy, ktorá pozostávala zo štúdia domácej a zahraničnej literatúry zadefinovať Industry 4.0 a priblížiť jeho využívanie na Slovensku. Skutočný stav Industry 4.0 na Slovensku je priblížený prostredníctvom prieskumu platformy Industry4UM. | ||
| 610 | 2 | 0 | |a priemysel 4.0 |
| 610 | 2 | 0 | |a revolúcia priemyselná |
| 610 | 2 | 0 | |a podnik |
| 610 | 2 | 0 | |a Slovensko |
| 610 | 2 | 0 | |a digitalizácia |
| 100 | 1 | |a Richnák, Patrik, 1988- | |
| 700 | 1 | |a Sármány, Júlia | |